| 000 | 00792na a2200265 4500 | ||
|---|---|---|---|
| 001 | 14117 | ||
| 003 | MIRAKIL | ||
| 005 | 20181213154733.0 | ||
| 008 | 161101b tu 000 0 | ||
| 020 | _a9789756355527 | ||
| 040 |
_aMilas _btur _cTR-AnCHP |
||
| 041 | _atur | ||
| 082 |
_a297.911 _bA67k 2009 |
||
| 090 | _a297.911 A67k 2009 | ||
| 100 | _aArslan, Mehmet | ||
| 245 |
_aKerbela mersiyeleri _cMehmet Arslan, Mehtap Erdoğan |
||
| 260 |
_aAnkara _bGrafiker Yayıncılık _c2009 |
||
| 300 |
_axiv, 809 s. _c30 sm. |
||
| 490 |
_aTunceli Üniversitesi Alevilik uygulama ve araştırma merkezi yayınları _v1 |
||
| 650 |
_aKerbela, Edebiyatta _xMersiye |
||
| 650 |
_aAlevilik _xŞiirler |
||
| 650 |
_aKerbela olayı,680 _xŞiirler |
||
| 700 | _aErdoğan, Mehtap | ||
| 942 |
_2ddc _cBKS |
||
| 999 |
_c105 _d105 |
||